000 01106nam0a22002771 4500
001 rc\4785605
005 20250613084011.0
021 _aRU
_b[60-56970]
035 _a(NLR Aleph) 009032180
090 _a9496481
_c9496481
100 _a20130417d1960 |||y0rusy50 ca
101 0 _arus
102 _aRU
105 _aa z |||||
200 1 _aКомплексная механизация и автоматизация перегрузочных работ на транспорте
210 _aМосква
_cРечной транспорт
_d1960
215 _a87 с.
_cил.
_d20
606 _aПогрузочно-разгрузочные работы
_xМеханизация комплексная
_2psbo
700 1 _aОбермейстер
_bА.М.
_gАркадий Михайлович
701 1 _4070
_7ca
_8rus
_aСмирнов
_bЕ. В.
_cканд. техн. наук, транспорт
_gЕвгений Васильевич
_9250939
_3RU\NLR\AUTH\770250995
801 0 _aRU
_bNLR
_gpsbo
801 1 _aRU
_bELAR
_2rusmarc
852 _aNLR
_j60-4/10613
942 _cBOOK
980 _aNB